00661nam a22001577a 450000500170000001000150001702000300003203500140006203700130007608200110008910000150010024501050011526000580022027001620027830000630044020210324112105.0 aENG-129274 a978-93-83959-98-3c299.00 aEN-112806 bDBAD/PUB a882.08 aM. Neeraja aThe Evolution of the Dramatic art of W. Somerset Maugham: a study of his selected plays/cM. Neeraja aHyderabadbSeven Hills International Publishersc2014 bHyderabade500038a3326/C, Level-4, Surneni Nilayam, Near B K Gupta Park, S R Nagark91 40 23710657, 238000657l91 40 23810657mstudentshelpline.in@gmail.com avi+186p.c24cm(pbk)bIncluding bibliographical references.